000 00235nam a2200097Ia 4500
001 807923
005 20250826171240.0
008 250824s9999 xx 000 0 und d
245 0 _aYARIM KALAN
_cERTÜRK AKŞUN
260 _bDESTEK YAYINLARI
999 _c807923
_d807923